126_ Personnalités nées un 6 mai par images - Statistiques

Statistiques générales
  • Ce quiz a été pris 51 fois
  • Le résultat moyen est 5 sur 9
Statistiques - réponses
Par images Hint Réponse % Correct
Rappeur Gims
98%
Acteur Christian Clavier
92%
Acteur George Clooney
84%
Psychanaliste Sigmund Freud
62%
Dirigeant Politique Maximilien de Robespierre
56%
Céiste Tony Estanguet
56%
Dirigeant Politique Tony Blair
18%
Inventeur Hans Beck
2%
Actrice Adriana Caselotti
0%
Aucun quiz correspondant
Distribution des résultats
% des personnes avec chaque résultat
Percentile par nombre de réponses
Votre historique - résultats
Vous n’avez pas pris ce quiz